00961nam a22002417a 4500008004100000020001800041040001800059041000800077100002900085245008000114260009600194300005200290490004700342500003800389504004700427650001800474650002600492650002300518651005300541651005300594651001900647651005300666130821s2008 xxuao gr eng  a9780807858998 aCo-BoUCMbspa00aeng1 aPérez, Louis A.d1943-10aOn becoming Cuban identity, nationality, and culturecLouis A. Pérez, Jr aChapel Hill (Carolina del Norte, Estados Unidos)bUniversity of North Carolina Presscc2008 axx, 579 páginasbilustraciones, fotografías 0aH. Eugene and Lillian Youngs Lehman series aCon un nuevo prólogo del autor. aIncluye bibliografía e índice general.04aCulturazCuba04aHistoria de América04aNacionalismozCuba 4aCubabRelaciones internacionaleszEstados Unidos 4aCubaxCivilizaciónxInfluenciazEstados Unidos 4aCubaxHistoria 4aEstados UnidosbRelaciones internacionaleszCuba